Statistics for Diaspora-Uzbekistan

Click here to take the quiz!

General Stats

  • This quiz has been taken 55 times
  • The average score is 11 of 13

Answer Stats

Number of immigrants Continent Country % Correct
499.862Asia/ EuropeRussia
100%
490.000AsiaKazakhstan
98%
14.800AsiaChina
98%
1.210.236AsiaTajikistan
96%
980.000AsiaKyrgyzstan
96%
50.795North AmericaUnited States of America
96%
45.000Asia/ EuropeTurkey
96%
260.000AsiaTurkmenistan
91%
2.799.726AsiaAfghanistan
87%
22.400EuropeUkraine
87%
80.000OceaniaAustralia
83%
70.113AsiaPakistan
74%
300.000AsiaSaudi Arabia
43%

Score Distribution

Percentile by Number Answered

Percent of People with Each Score

Your Score History

You have not taken this quiz